| 000 | 00579cam a2200229 4500 | ||
|---|---|---|---|
| 001 | D1339 | ||
| 008 | 090401t1969 xxu||||| |||| 00| 0 eng d | ||
| 035 | _a(Sirsi) u63501 | ||
| 041 | _aeng | ||
| 050 | _a336.21 | ||
| 100 | _aBean, Philip R | ||
| 245 | _aBean and Lockwood`s rating valuation and practice | ||
| 250 | _a6th | ||
| 260 |
_aLondon _bStevens _c1969 |
||
| 300 | _axxvii. 435p | ||
| 350 | _a5 | ||
| 520 | _aSixth edition by John C.Bassett and Clement Wheeler | ||
| 700 | _aBassett, John C | ||
| 700 | _aWheeler, Clement | ||
| 942 | _n0 | ||
| 948 | _c04/03/1997 | ||
| 999 |
_c94572 _d94572 |
||